Guess these random cities by their French names - Statistics

General Stats
  • This quiz has been taken 261 times
  • The average score is 7 of 10
Answer Stats
Name used in French Continent Name used in English % Correct
Addis Abeba Africa Addis Ababa
100%
Alep Asia Aleppo
100%
Alexandrie Africa Alexandria
100%
Alger Africa Algiers
100%
Achgabat Asia Ashgabat
100%
Athènes Europe Athens
100%
Bagdad Asia Baghdad
100%
Bakou Asia Baku
100%
Barcelone Europe Barcelona
100%
Pékin Asia Beijing
100%
Beyrouth Asia Beirut
100%
Berne Europe Bern
100%
Bucarest Europe Bucharest
100%
Cadix Europe Cádiz
100%
Dar es Salam Africa Dar-es-Salaam
100%
Douchanbé Asia Dushanbe
100%
Edimbourg Europe Edinburgh
100%
Fès Africa Fez
100%
Francfort-sur-le-Main Europe Frankfurt am Main
100%
Gênes Europe Genoa
100%
Gizeh Africa Giza
100%
Grenade Europe Granada
100%
Hambourg Europe Hamburg
100%
Hanovre Europe Hannover
100%
La Havane Americas Havana
100%
Irkoutsk Asia Irkutsk
100%
Katmandou Asia Kathmandu
100%
Krasnoïarsk Asia Krasnoyarsk
100%
Koweït Asia Kuwait
100%
Londres Europe London
100%
Manille Asia Manila
100%
Marrakech Africa Marrakesh
100%
Mogadiscio Africa Mogadishu
100%
Moscou Europe Moscow
100%
Nankin Asia Nanjing
100%
La Nouvelle-Orléans Americas New Orleans
100%
Nicosie Asia Nicosia
100%
Noursoultan Asia Nur-Sultan
100%
Philadelphie Americas Philadelphia
100%
Port d'Espagne Americas Port of Spain
100%
Saint-Pétersbourg Europe Saint Petersburg
100%
Salamanque Europe Salamanca
100%
Salzbourg Europe Salzburg
100%
Singapour Asia Singapore
100%
Sparte Europe Sparta
100%
Saint-Jean-de-Terre-Neuve Americas St John's
100%
Tanger Africa Tangier
100%
Tachkent Asia Tashkent
100%
La haye Europe The Hague
100%
Thessalonique Europe Thessaloniki
100%
Valence Europe Valencia
100%
Venise Europe Venice
100%
Varsovie Europe Warsaw
100%
Iekaterinbourg Europe Yekaterinburg
100%
Saragosse Europe Zaragoza
100%
Lucerne Europe Luzern
92%
Lisbonne Europe Lisbon
91%
Tbilissi Asia Tbilisi
91%
Thimphou Asia Thimphu
91%
La Mecque Asia Mecca
90%
Mascate Asia Muscat
90%
Upsal Europe Uppsala
90%
Le Cap Africa Cape Town
89%
Djeddah Asia Jeddah
89%
Pampelune Europe Pamplona
89%
Vienne Europe Vienna
89%
Rangoun Asia Yangon
89%
Canton Asia Guangzhou
88%
Médine Asia Medina
88%
Oulan.Bator Asia Ulaanbaatar
88%
Damas Asia Damascus
86%
Palerme Europe Palermo
86%
Andorre-la-Vielle Europe Andorra la Vella
83%
Le Caire Africa Cairo
83%
Göteborg Europe Gothenburg
83%
Kaboul Asia Kabul
83%
Lhassa Asia Lhasa
83%
Macau Asia Macao
83%
Erevan Asia Yerevan
83%
Bombay Asia Mumbai
82%
Tananarive Africa Antananarivo
80%
Aoste Europe Aosta
80%
Bâle Europe Basel
80%
Batoumi Asia Batumi
80%
Bichkek Asia Bishkek
80%
Cracovie Europe Krakow
80%
Augsbourg Europe Augsburg
75%
Calcutta Asia Kolkata
75%
Mechhed Asia Mashhad
75%
Nijni Novgorod Europe Nizhny Novgorod
75%
Saint-Domingue Americas Santo Domingo
75%
Téhéran Asia Tehran
75%
Tombouctou Africa Timbuktu
75%
Saint-Sébastien Europe San Sebastián / Donostia
73%
Anvers Europe Antwerp
70%
Saint-Marin Europe San Marino
70%
Tcheliabinsk Europe Chelyabinsk
67%
Cordoue Europe Córdoba
67%
Brême Europe Bremen
64%
Catane Europe Catania
64%
Rostov-sur-le-Don Europe Rostov-on.Don
60%
Saint-Jacques-de-Compostelle Europe Santiago de Compostela
60%
Tarragone Europe Tarragona
60%
Ispahan Asia Isfahan
57%
Voronej Europe Voronezh
57%
Surate Asia Surat
56%
Oufa Europe Ufa
56%
Coblence Europe Koblenz
55%
Aktoube Asia Aktobe
50%
Gérone Europe Girona
50%
Mossoul Asia Mosul
50%
Orenbourg Europe Orenburg
50%
Samarcande Asia Samarkand
50%
Bassora Asia Basra
43%
Hrodna Europe Grodno
43%
Djouba Africa Juba
43%
La Corogne Europe A coruña
40%
Iaroslavl Europe Yaroslavl
40%
Brassovie Europe Brasov
38%
Ijevsk Europe Izhevsk
36%
Oulan-Oude Asia Ulan-Ude
33%
Sarrebruck Europe Saarbrucken
29%
Nasik Asia Nashik
25%
Schaffhause Europe Schaffhausen
25%
Cimkent Asia Shymkent
25%
Tioumen Asia Tyumen
25%
Homiel Europe Gomel
20%
Oulianovsk Europe Ulyanovsk
20%
Zoug Europe Zug
20%
Iochkar-Ola Europe Yoshkar-Ola
14%
Cochin Asia Kochi
13%
Gand Europe Ghent
10%
Constance Europe Konstanz
0%
Louvain Europe Leuven
0%
Nakhtichevan Asia Nakhchivan
0%
Orel Europe Oryol
0%
Togliatti Europe Tolyatti
0%
Turkestan Asia Turkistan
0%
Oural Europe Uralsk
0%
Eupatoria Europe Yevpatoria
0%
No matching quizzes found
Score Distribution
Percent of People with Each Score
Percentile by Number Answered
Your Score History
You have not taken this quiz